| 000 | 01049cab a2200193 4500 | ||
|---|---|---|---|
| 001 | ##L136195 | ||
| 008 | 070117n2006 000 0 eng u | ||
| 035 | _a(Sirsi) u136195 | ||
| 041 | 0 | _aeng | |
| 100 | 1 | _aMartin, Michael | |
| 245 | 0 | 0 | _aSteel systems and OSM can improve cost-efficiency |
| 260 | _C2006 | ||
| 490 | 0 |
_aBuilding Engineer _vNovember 2006, 12-13(2) |
|
| 520 | _aExplains how Off-Site Manufacture (OSM) and the use of steel system technology can help deliver the required number affordable and sustainable homes. Compared with traditional methods of construction, OSM can deliver up to four times as many homes as well as reducing on-site construction time. Steel system technology also maximises cost-effectiveness, has high long-term sustainability and is a flexible and stable construction material. Includes a case study of Bywater Court at Allerton Bywater Millennium Community, West Yorkshire. | ||
| 590 | _aKA | ||
| 651 | 4 |
_aUnited Kingdom _y |
|
| 690 | _aBUILT ENVIRONMENT-BUILDING MATERIALS-METAL-STEEL | ||
| 942 | _n0 | ||
| 999 |
_c78184 _d78184 |
||